Catálogo

Diente de león / (Registro nro. 66735)

Detalles MARC
000 -LEADER
fixed length control field 00782nam a2200241 u 4500
001 - CONTROL NUMBER
control field 66735
005 - DATE AND TIME OF LATEST TRANSACTION
control field 20180714074624.0
008 - FIXED-LENGTH DATA ELEMENTS--GENERAL INFORMATION
fixed length control field 170302s2012 mx a r 000 0 spa d
020 ## - INTERNATIONAL STANDARD BOOK NUMBER
International Standard Book Number 9786077661436
041 0# - LANGUAGE CODE
Language code of text/sound track or separate title spa
082 0# - DEWEY DECIMAL CLASSIFICATION NUMBER
Classification number 808.0681
Item number BAR
100 1# - MAIN ENTRY--PERSONAL NAME
Personal name Baranda, María,
Relator term autor
245 10 - TITLE STATEMENT
Title Diente de león /
Statement of responsibility, etc. María Baranda ; Isidro R. Esquivel, ilustración.
250 ## - EDITION STATEMENT
Edition statement Primera edición
264 #1 - PRODUCTION, PUBLICATION, DISTRIBUTION, MANUFACTURE, AND COPYRIGHT NOTICE
Place of production, publication, distribution, manufacture México :
Name of producer, publisher, distributor, manufacturer Ediciones El Naranjo,
Date of production, publication, distribution, manufacture, or copyright notice 2012
300 ## - PHYSICAL DESCRIPTION
Extent 72 páginas :
Other physical details ilustraciones (principalmente a color) ;
Dimensions 26 cm.
336 ## - CONTENT TYPE
Content type term texto
Source rdacontent
337 ## - MEDIA TYPE
Media type term sin mediación
Source rdamedia
338 ## - CARRIER TYPE
Carrier type term volumen
Source rdacarrier
490 0# - SERIES STATEMENT
Series statement Luciérnagas
650 #4 - SUBJECT ADDED ENTRY--TOPICAL TERM
Topical term or geographic name entry element Poesía infantil
General subdivision Español
700 1# - ADDED ENTRY--PERSONAL NAME
Personal name Esquivel, Isidro R.,
Relator term ilustrador
Existencias
Withdrawn status Lost status Source of classification or shelving scheme Damaged status Not for loan Collection code Home library Current library Shelving location Date acquired Source of acquisition Inventory number Total Checkouts Full call number Barcode Date last seen Price effective from Koha item type
    Dewey Decimal Classification     Infantil Biblioteca Karol Wojtyla Biblioteca Karol Wojtyla Área de silencio 02/03/2017 Compra 151000000000000000066004   808.0681 BAR 2012 96976 05/01/2026 07/03/2017 Libro infantil